000 00286nam a22001337a 4500
008 170203b xxu||||| |||| 00| 0 eng d
020 _a139781427797162
041 _aeng
080 _a61
100 _a3
101 _aSHM
245 _aMED ESSENTIALS
_cTHOMAS ADAIR
942 _2udc
_cBK
999 _c4413
_d4413